|
|
|
|
| LEADER |
00801nam a2200205 a 4500 |
| 001 |
00012333 |
| 008 |
101206s1996 ii a b 001 0 eng |
| 020 |
|
|
|a 8170296919
|
| 040 |
|
|
|a BD-DhAAL
|c BD-DhAAL
|
| 082 |
0 |
0 |
|a 005.13/3
|2 20
|
| 100 |
1 |
|
|a Holmes, B. J.
|
| 245 |
1 |
0 |
|a Programming with ANSI C /
|c B. J. Holmes.
|
| 260 |
|
|
|a New Delhi :
|b BPB publications,
|c c1996.
|
| 300 |
|
|
|a viii, 519 p. :
|b ill. ;
|c 23 cm.
|
| 500 |
|
|
|a Includes bibliographical references and indexes..
|
| 541 |
1 |
|
|e 00012333
|
| 650 |
|
0 |
|a C (Computer program language)
|
| 852 |
4 |
|
|a Ayesha Abed library
|j General Shelf
|
| 999 |
|
|
|c 10232
|d 10232
|
| 952 |
|
|
|0 0
|1 0
|2 ddc
|4 0
|6 005_133000000000000_HOL
|7 0
|9 13648
|a BRACUL
|b BRACUL
|c GEN
|d 2010-12-18
|l 1
|m 1
|o 005.133 HOL
|p 3010012333
|r 2015-02-27
|s 2015-02-13
|t 1
|w 2010-12-18
|y BK
|x Price not available in Register
|